00720nam a2200205 450000500170000001000150001702000260003203500140005803700090007208200160008124500490009725000060014626000400015227000520019230000200024450000420026494200270030699900190033395201620035220260522151805.0 aENG-148613 a9788178836584c275.00 aEN-132145 bDBAD a306.095421 aIndian Culture/cEdited By Atmashraddhananda a1 aChennaibSri Ramakrishna Mathc2013 aSri Ramakrishna MathbMylapore, Chennaie600004 a374p.c22cm(hb) aIts Ageless Charm and Timeless Appeal 2ddccENh306.0954kIND c216355d216355 001040718NFICaDBADbDBADd2026-05-22eDelivery of Books Act Divisiong275.00l0o306.0954 INDpEN-132145r2026-05-22 15:18:45t 1v275.00w2026-05-22yEN